<?xml version="1.0" encoding="UTF-8"?>
<record
    xmlns:xsi="http://www.w3.org/2001/XMLSchema-instance"
    xsi:schemaLocation="http://www.loc.gov/MARC21/slim http://www.loc.gov/standards/marcxml/schema/MARC21slim.xsd"
    xmlns="http://www.loc.gov/MARC21/slim">

  <leader>01587nam a22002891a 4500</leader>
  <controlfield tag="001">4560458</controlfield>
  <controlfield tag="005">20140517020003.0</controlfield>
  <controlfield tag="008">760114r19761923nyua     b    001 0beng  </controlfield>
  <datafield tag="010" ind1=" " ind2=" ">
    <subfield code="a">73018832</subfield>
  </datafield>
  <datafield tag="040" ind1=" " ind2=" ">
    <subfield code="a">DLC</subfield>
    <subfield code="c">DLC</subfield>
    <subfield code="d">DLC</subfield>
  </datafield>
  <datafield tag="041" ind1="0" ind2=" ">
    <subfield code="a">engeth</subfield>
  </datafield>
  <datafield tag="050" ind1="0" ind2="0">
    <subfield code="a">PJ9098</subfield>
    <subfield code="b">.B313 1976</subfield>
  </datafield>
  <datafield tag="082" ind1="0" ind2="0">
    <subfield code="a">PJ 9098.B313 1976</subfield>
    <subfield code="a">PJ 9098.B313 1976</subfield>
    <subfield code="2">19</subfield>
  </datafield>
  <datafield tag="130" ind1="0" ind2=" ">
    <subfield code="a">Baral&#x1E3F; and Yew&#x15B;ef.</subfield>
    <subfield code="a">Baral&#x1E3F; and Yew&#x15B;ef, being the Ethiopic version of a Christianized recension of the Buddhist legend of the Buddha and the Bodhisattva /</subfield>
    <subfield code="l">English &amp; Ethiopic.</subfield>
  </datafield>
  <datafield tag="245" ind1="1" ind2="0">
    <subfield code="a">Baral&#x1E3F; and Yew&#x15B;ef.</subfield>
    <subfield code="a">Baral&#x1E3F; and Yew&#x15B;ef, being the Ethiopic version of a Christianized recension of the Buddhist legend of the Buddha and the Bodhisattva /</subfield>
    <subfield code="c">the Ethiopic text edited for the first time with an English translation and introd., etc., by E.A. Wallis Budge.</subfield>
    <subfield code="h">[Text]</subfield>
  </datafield>
  <datafield tag="260" ind1=" " ind2=" ">
    <subfield code="b">Cambridge at the University</subfield>
    <subfield code="c">1923</subfield>
  </datafield>
  <datafield tag="300" ind1=" " ind2=" ">
    <subfield code="a">2 v.  351p : ill. ; 23 cm.</subfield>
  </datafield>
  <datafield tag="500" ind1=" " ind2=" ">
    <subfield code="a">Reprint of the 1923 ed. published at the University Press, Cambridge, Eng.</subfield>
  </datafield>
  <datafield tag="504" ind1=" " ind2=" ">
    <subfield code="a">Includes bibliographical references and index.</subfield>
  </datafield>
  <datafield tag="505" ind1="0" ind2=" ">
    <subfield code="a">v. 1. Ethiopic text.--v. 2. The introduction, English translation, etc.: Introduction. The Book of Baral&#x1E3F; and Yew&#x15B;ef, English translation. The preaching of St. Thomas in India (p. [279]-297) The acts of St. Thomas in India (p. [298]-338)</subfield>
  </datafield>
  <datafield tag="650" ind1=" " ind2="0">
    <subfield code="a">Ethiopic literature</subfield>
    <subfield code="v">Translations into English.</subfield>
  </datafield>
  <datafield tag="730" ind1="0" ind2="2">
    <subfield code="l">English.</subfield>
  </datafield>
  <datafield tag="730" ind1="0" ind2=" ">
    <subfield code="l">English &amp; Ethiopic.</subfield>
  </datafield>
  <datafield tag="906" ind1=" " ind2=" ">
    <subfield code="a">7</subfield>
    <subfield code="b">cbc</subfield>
    <subfield code="c">orignew</subfield>
    <subfield code="d">1</subfield>
    <subfield code="e">ocip</subfield>
    <subfield code="f">19</subfield>
    <subfield code="g">y-gencatlg</subfield>
  </datafield>
  <datafield tag="991" ind1=" " ind2=" ">
    <subfield code="b">c-GenColl</subfield>
    <subfield code="h">PJ9098</subfield>
    <subfield code="i">.B313 1976</subfield>
    <subfield code="t">Copy 1</subfield>
    <subfield code="w">BOOKS</subfield>
  </datafield>
  <datafield tag="942" ind1="0" ind2="0">
    <subfield code="0">1</subfield>
  </datafield>
  <datafield tag="999" ind1=" " ind2=" ">
    <subfield code="c">37040</subfield>
    <subfield code="d">37040</subfield>
  </datafield>
  <datafield tag="952" ind1=" " ind2=" ">
    <subfield code="0">0</subfield>
    <subfield code="1">0</subfield>
    <subfield code="2">lcc</subfield>
    <subfield code="4">0</subfield>
    <subfield code="7">0</subfield>
    <subfield code="8">GEN</subfield>
    <subfield code="a">CPL</subfield>
    <subfield code="b">CPL</subfield>
    <subfield code="c">GEN</subfield>
    <subfield code="d">2010-02-23</subfield>
    <subfield code="e">Donation - Windle Charity Trust</subfield>
    <subfield code="g">40.00</subfield>
    <subfield code="l">1</subfield>
    <subfield code="o">PJ 9098.B313 1976</subfield>
    <subfield code="p">R22000N3232</subfield>
    <subfield code="r">2019-09-26 00:00:00</subfield>
    <subfield code="s">2014-05-16</subfield>
    <subfield code="t">1</subfield>
    <subfield code="w">2010-02-23</subfield>
    <subfield code="y">BK</subfield>
  </datafield>
</record>
